| 000 | 00433nam a22001457a 4500 | ||
|---|---|---|---|
| 082 | _aT-220 | ||
| 100 |
_aAmmara Muneer _951258 |
||
| 245 | _aThe impact of protracted afghan refugees on socio economic conditions of peshawar and its remedial measures | ||
| 260 |
_aRisalpur, _bMCE, _c2017. |
||
| 300 | _a82p. | ||
| 526 |
_a0 _b0 _c0 _dT_220 |
||
| 650 | _aDisaster Management | ||
| 700 |
_aDr Hassan Farooq _927527 |
||
| 942 |
_2ddc _cBK |
||
| 999 |
_c553987 _d553987 |
||